[Event "Titled Tuesday intern op 5th May"]
[Site "Chess.com INT"]
[Date "2020.05.05"]
[Round "2"]
[White "Hernandez, William"]
[Black "Awatramani, Janak"]
[Result "1/2-1/2"]
[WhiteElo "1543"]
[BlackElo "2213"]
[PlyCount "141"]
[EventDate "2020.05.05"]
[EventType "swiss (blitz)"]
[EventRounds "10"]
[EventCountry "USA"]
[SourceTitle "EXT 2021"]
[Source "ChessBase"]
[SourceDate "2020.10.23"]
[SourceVersion "1"]
[SourceVersionDate "2020.10.23"]
[SourceQuality "1"]

1. e4 b6 2. d4 Bb7 3. Nc3 e6 4. f3 Nf6 5. a3 d5 6. e5 Nfd7 7. f4 c5 8. Nce2 Nc6 9. Nf3 f6 10. c3 Be7 11. g3 0-0 12. Bg2 fxe5 13. dxe5 Qc7 14. 0-0 b5 15. Bh3 Nd8 16. Bg2 Nb6 17. Qc2 a5 18. Be3 Nc4 19. Bf2 a4 20. Rac1 Bc6 21. Kh1 Be8 22. Neg1 Bg6 23. Qe2 Nc6 24. Nh3 N6a5 25. Nhg5 Qc6 26. Bh3 Bf5 27. Bxf5 Rxf5 28. Nh4 Rxg5 29. fxg5 Bxg5 30. Rcd1 Rf8 31. Kg1 Nb3 32. Nf3 Be7 33. Be3 Qe8 34. Bg5 Rxf3 35. Rxf3 Bxg5 36. Rdf1 Nbd2 37. Rf8+ Qxf8 38. Rxf8+ Kxf8 39. Qf2+ Ke7 40. Qe2 h6 41. h4 Be3+ 42. Kh1 Ne4 43. Qg4 Kf7 44. Qf3+ Ke7 45. Kg2 Nxe5 46. Qxe3 Kd6 47. Qf4 Nf6 48. g4 Nfxg4 49. Qf8+ Kc6 50. Qc8+ Kd6 51. Qf8+ Kc6 52. Qxg7 Nc4 53. Kh3 Nce3 54. Qa7 Nf2+ 55. Kh2 Ne4 56. Qa8+ Kd7 57. Qb8 Nf5 58. Qxb5+ Kd6 59. Qxa4 Nxh4 60. Qb5 Nf3+ 61. Kh1 h5 62. Qb8+ Kd7 63. a4 h4 64. a5 h3 65. Qb7+ Kd6 66. Qb8+ Ke7 67. Qc7+ Ke8 68. Qc8+ Ke7 69. Qc7+ Ke8 70. Qc8+ Ke7 71. Qc7+ 1/2-1/2

[Event "Titled Tuesday intern op 5th May"]
[Site "Chess.com INT"]
[Date "2020.05.05"]
[Round "1"]
[White "Hernandez, William"]
[Black "Selbes, Tarik"]
[Result "1-0"]
[WhiteElo "1543"]
[BlackElo "2235"]
[PlyCount "55"]
[EventDate "2020.05.05"]
[EventType "swiss (blitz)"]
[EventRounds "10"]
[EventCountry "USA"]
[SourceTitle "EXT 2021"]
[Source "ChessBase"]
[SourceDate "2020.10.23"]
[SourceVersion "1"]
[SourceVersionDate "2020.10.23"]
[SourceQuality "1"]

1. e4 e5 2. Nf3 Nc6 3. Bc4 Nf6 4. Ng5 d5 5. exd5 Na5 6. Bb5+ c6 7. dxc6 bxc6 8. Qf3 e4 9. Nxe4 cxb5 10. Nxf6+ Qxf6 11. Qxa8 Qe6+ 12. Kd1 Be7 13. Re1 Qd7 14. d3 0-0 15. Qe4 Bf6 16. Nc3 Bb7 17. Qe2 Bxg2 18. Bd2 Nc6 19. Ne4 Bxb2 20. Bc3 Bxa1 21. Bxa1 f5 22. Nc5 Qd5 23. Qe6+ Qxe6 24. Nxe6 Re8 25. Nxg7 Bf3+ 26. Kd2 Rc8 27. Nxf5 Nb4 28. Ne7+ 1-0

[Event "Titled Tuesday intern op 21st April"]
[Site "Chess.com INT"]
[Date "2020.04.21"]
[Round "5"]
[White "Hernandez, William"]
[Black "Kim, Sergey2222"]
[Result "0-1"]
[WhiteElo "1543"]
[BlackElo "2295"]
[PlyCount "84"]
[EventDate "2020.04.21"]
[EventType "swiss (blitz)"]
[EventRounds "10"]
[EventCountry "USA"]
[SourceTitle "EXT 2021"]
[Source "ChessBase"]
[SourceDate "2020.10.23"]
[SourceVersion "1"]
[SourceVersionDate "2020.10.23"]
[SourceQuality "1"]

1. e4 e5 2. Nf3 Nc6 3. Bc4 Bc5 4. b4 Bxb4 5. c3 Ba5 6. d4 d6 7. Qb3 Qd7 8. dxe5 dxe5 9. 0-0 Bb6 10. Rd1 Qe7 11. Ba3 Qf6 12. Bb5 Nge7 13. Nbd2 0-0 14. h3 Re8 15. Bxe7 Qxe7 16. Nc4 Be6 17. Qc2 Bxc4 18. Bxc4 Rad8 19. Bb5 Qc5 20. a4 a6 21. Bxc6 bxc6 22. Rd2 Rd6 23. Rad1 Red8 24. Kh2 h6 25. Kg3 a5 26. Nh4 g6 27. Nf3 Kg7 28. Nh2 h5 29. Nf3 R8d7 30. h4 f6 31. Kh2 Rxd2 32. Rxd2 Rd6 33. Kg3 Kf7 34. Qa2+ Kg7 35. Qc2 Kf7 36. Kh2 Kg7 37. Qc1 Rxd2 38. Qxd2 Qxf2 39. Qd7+ Kh6 40. Qxc6 Be3 41. Qc4 Bf4+ 42. Kh1 Qe3 0-1

[Event "Titled Tuesday intern op 21st April"]
[Site "Chess.com INT"]
[Date "2020.04.21"]
[Round "2"]
[White "Sychev, Klementy"]
[Black "Hernandez, William"]
[Result "1-0"]
[WhiteElo "2572"]
[BlackElo "1543"]
[PlyCount "187"]
[EventDate "2020.04.21"]
[EventType "swiss (blitz)"]
[EventRounds "10"]
[EventCountry "USA"]
[SourceTitle "EXT 2021"]
[Source "ChessBase"]
[SourceDate "2020.10.23"]
[SourceVersion "1"]
[SourceVersionDate "2020.10.23"]
[SourceQuality "1"]

1. e4 c5 2. Nf3 d6 3. d4 cxd4 4. Nxd4 Nf6 5. Nc3 g6 6. Be3 a6 7. f3 b5 8. Qd2 Bb7 9. a4 b4 10. Na2 e5 11. Nb3 d5 12. Nxb4 dxe4 13. Qxd8+ Kxd8 14. 0-0-0+ Kc7 15. Nc5 exf3 16. Nxb7 Kxb7 17. Nd5 Ng4 18. gxf3 Nxe3 19. Nxe3 Bh6 20. Re1 Nc6 21. Kb1 Nd4 22. Bg2 Bf4 23. Ng4 Nc6 24. Nf6 Rhd8 25. Re2 h5 26. c3 Rab8 27. Kc2 a5 28. Ne4 Kb6 29. Nf2 f5 30. Nd3 Rbc8 31. Nxf4 Nd4+ 32. Kb1 Nxe2 33. Nxe2 Rd2 34. Re1 Kc5 35. Kc1 Rcd8 36. Bf1 Kb6 37. h4 f4 38. Nd4 Rf2 39. Nb3 Rxf3 40. Nd2 Re3 41. Nc4+ Kc5 42. Nxe3 fxe3 43. Rxe3 Re8 44. Bd3 Re6 45. Be4 Rf6 46. Rg3 Rf4 47. Bxg6 Rxh4 48. Rg5 Kd6 49. Rxh5 Rxa4 50. Bc2 Rg4 51. b3 Rg3 52. Kd2 Rg2+ 53. Kc1 Rg3 54. Kb2 Rg2 55. Rh6+ Kc5 56. Rh4 Rg3 57. Ra4 Kb6 58. Re4 Rg5 59. Kc1 Rg1+ 60. Kd2 Rg5 61. Kd3 Kc5 62. Re3 Rh5 63. Bd1 Rg5 64. Be2 Kd5 65. Bf3+ Kc5 66. Be4 Rg1 67. Bf3 Rg5 68. Ke4 Kb5 69. Rd3 a4 70. Rd5+ Kb6 71. bxa4 Rg1 72. Rxe5 Ra1 73. a5+ Kc7 74. Kd4 Ra4+ 75. Kd3 Ra3 76. Be2 Kd6 77. Rh5 Kc7 78. Kc4 Ra2 79. Bd3 Ra3 80. Kb4 Ra1 81. Rh7+ Kb8 82. a6 Ra2 83. Be4 Rxa6 84. c4 Rb6+ 85. Kc5 Re6 86. Bd5 Re1 87. Kd6 Rg1 88. Rh8+ Ka7 89. Ra8+ Kb6 90. c5+ Kb5 91. Rb8+ Ka5 92. c6 Rg6+ 93. Kc5 Rg8 94. Rxg8 1-0

[Event "Titled Tuesday intern op 7th April"]
[Site "Chess.com INT"]
[Date "2020.04.07"]
[Round "4"]
[White "Muhammed, Shuaau"]
[Black "Hernandez, William"]
[Result "0-1"]
[WhiteElo "1893"]
[BlackElo "1543"]
[PlyCount "54"]
[EventDate "2020.04.07"]
[EventType "swiss (blitz)"]
[EventRounds "10"]
[EventCountry "USA"]
[SourceTitle "EXT 2021"]
[Source "ChessBase"]
[SourceDate "2020.10.23"]
[SourceVersion "1"]
[SourceVersionDate "2020.10.23"]
[SourceQuality "1"]

1. e4 c5 2. Nf3 d6 3. d4 cxd4 4. Nxd4 Nf6 5. Nc3 g6 6. Be3 a6 7. f3 b5 8. Qd2 Bb7 9. g4 Bg7 10. g5 Nfd7 11. 0-0-0 Nb6 12. h4 N8d7 13. h5 Rg8 14. hxg6 hxg6 15. Bg2 Nc4 16. Qf2 Nxe3 17. Qxe3 Nb6 18. f4 Nc4 19. Qf2 Qb6 20. Nd5 Bxd5 21. exd5 Qa5 22. a3 Rc8 23. Rh7 b4 24. Rxg7 Rxg7 25. Nc6 Rxc6 26. dxc6 bxa3 27. c7 axb2+ 0-1

[Event "Titled Tuesday intern op1 3rd March  "]
[Site "Chess.com INT"]
[Date "2020.03.03"]
[Round "9"]
[White "Hernandez, William"]
[Black "Alinasab, Mobina"]
[Result "1-0"]
[WhiteElo "1543"]
[BlackElo "2317"]
[PlyCount "75"]
[EventDate "2020.03.03"]
[EventType "swiss (blitz)"]
[EventRounds "10"]
[EventCountry "USA"]
[SourceTitle "EXT 2021"]
[Source "ChessBase"]
[SourceDate "2020.10.23"]
[SourceVersion "1"]
[SourceVersionDate "2020.10.23"]
[SourceQuality "1"]

1. e4 c5 2. Nf3 d6 3. d4 cxd4 4. Nxd4 Nf6 5. Nc3 a6 6. Bg5 Nbd7 7. Qe2 h6 8. Bxf6 Nxf6 9. 0-0-0 e5 10. Nf5 g6 11. Ne3 Be6 12. Ned5 Nxd5 13. Nxd5 Rc8 14. Rd3 Bg7 15. Kb1 0-0 16. f3 f5 17. Qd1 fxe4 18. fxe4 Rf2 19. Rd2 Rxd2 20. Qxd2 b5 21. Be2 Qh4 22. Bf3 Kh7 23. Ne3 Bf8 24. h3 h5 25. Rd1 Be7 26. Nd5 Bg5 27. Qd3 Kh6 28. Nb4 a5 29. Qxd6 Rd8 30. Qxe5 Rxd1+ 31. Bxd1 Bf6 32. Qxe6 Qe1 33. Qd5 Qxb4 34. e5 Bg5 35. Qg8 Be3 36. Qh8+ Kg5 37. Qf6+ Kh6 38. Qd6 1-0

[Event "Titled Tuesday intern op 3rd March"]
[Site "Chess.com INT"]
[Date "2020.03.03"]
[Round "9"]
[White "Hernandez, William"]
[Black "Kollars, Dmitrij"]
[Result "1-0"]
[WhiteElo "1543"]
[BlackElo "2592"]
[PlyCount "135"]
[EventDate "2020.03.03"]
[EventType "swiss (blitz)"]
[EventRounds "10"]
[EventCountry "USA"]
[SourceTitle "EXT 2021"]
[Source "ChessBase"]
[SourceDate "2020.10.23"]
[SourceVersion "1"]
[SourceVersionDate "2020.10.23"]
[SourceQuality "1"]

1. e4 e5 2. Nf3 Nc6 3. Bc4 Nf6 4. Ng5 d5 5. exd5 Na5 6. Bb5+ c6 7. dxc6 bxc6 8. Qf3 Be7 9. Bd3 0-0 10. 0-0 h6 11. Ne4 Nd5 12. Ng3 Bg5 13. Nc3 Nf4 14. Bf5 Bxf5 15. Nxf5 Qd7 16. Ng3 Ne6 17. d3 Nd4 18. Qd1 f5 19. f4 exf4 20. Bxf4 c5 21. Bxg5 hxg5 22. Qd2 f4 23. Nge4 Rf5 24. Rae1 Nac6 25. Ne2 Raf8 26. Nxd4 Nxd4 27. c3 Nc6 28. Qe2 Rd5 29. Qh5 g4 30. Qg6 Ne5 31. Qa6 Nxd3 32. Rd1 Kh7 33. Rxd3 Rxd3 34. Nxc5 Rd6 35. Nxd7 Rxa6 36. Nxf8+ Kg8 37. Rxf4 Rxa2 38. Ne6 Rxb2 39. Ng5 a5 40. Ra4 Rb5 41. Ne4 Rd5 42. Kf2 Kf7 43. Kg3 Ke6 44. Kxg4 Ke5 45. Kf3 Rb5 46. Ke3 Rd5 47. c4 Rd1 48. Rxa5+ Ke6 49. Nd2 Re1+ 50. Kd4 Rh1 51. Nf3 Rd1+ 52. Kc5 Rc1 53. Ra6+ Kf5 54. Ra2 Kf4 55. Rd2 Ke3 56. h3 Kf4 57. Kd5 Ra1 58. c5 Ra5 59. Kd6 Ra8 60. Kd7 Ra7+ 61. Ke6 Ra8 62. c6 g5 63. c7 g4 64. hxg4 Kxg4 65. Kd7 Ra7 66. Kd8 Ra2 67. c8Q+ Kg3 68. Rxa2 1-0

[Event "Titled Tuesday intern op1 3rd March  "]
[Site "Chess.com INT"]
[Date "2020.03.03"]
[Round "2"]
[White "Hernandez, William"]
[Black "Oganian, Miran"]
[Result "0-1"]
[WhiteElo "1543"]
[BlackElo "2441"]
[PlyCount "80"]
[EventDate "2020.03.03"]
[EventType "swiss (blitz)"]
[EventRounds "10"]
[EventCountry "USA"]
[SourceTitle "EXT 2021"]
[Source "ChessBase"]
[SourceDate "2020.10.23"]
[SourceVersion "1"]
[SourceVersionDate "2020.10.23"]
[SourceQuality "1"]

1. e4 c5 2. Nf3 Nc6 3. d4 cxd4 4. Nxd4 Qc7 5. Nc3 e6 6. g4 a6 7. Be3 b5 8. a3 Bb7 9. Nxc6 Bxc6 10. Qd4 Nf6 11. Be2 Bd6 12. f3 Be5 13. Qd2 d5 14. g5 dxe4 15. gxf6 exf3 16. fxg7 Bxg7 17. Rg1 Be5 18. Bd3 Bxh2 19. 0-0-0 Bxg1 20. Bxg1 0-0-0 21. Bh2 Qb6 22. Bg1 Qc7 23. Bh2 Qb6 24. Qf4 f5 25. Qe5 Rhe8 26. Rg1 f2 27. Rf1 Bg2 28. Rxf2 Ba8 29. Rf1 Rd7 30. Kb1 Qc7 31. Qxc7+ Rxc7 32. Bxc7 Kxc7 33. Re1 Kd7 34. Ne2 Re7 35. Nf4 Kd6 36. Kc1 Bc6 37. Kd2 e5 38. Bxf5 exf4 39. Rxe7 Kxe7 40. Bxh7 Kd6 0-1

[Event "Titled Tuesday intern op1 3rd March  "]
[Site "Chess.com INT"]
[Date "2020.03.03"]
[Round "8"]
[White "Korpa, Bence"]
[Black "Hernandez, William"]
[Result "1-0"]
[WhiteElo "2546"]
[BlackElo "1543"]
[PlyCount "73"]
[EventDate "2020.03.03"]
[EventType "swiss (blitz)"]
[EventRounds "10"]
[EventCountry "USA"]
[SourceTitle "EXT 2021"]
[Source "ChessBase"]
[SourceDate "2020.10.23"]
[SourceVersion "1"]
[SourceVersionDate "2020.10.23"]
[SourceQuality "1"]

1. Nf3 c5 2. g3 Nf6 3. Bg2 d5 4. 0-0 Nc6 5. d4 cxd4 6. Nxd4 e5 7. Nxc6 bxc6 8. c4 Be6 9. Nc3 Be7 10. Bg5 e4 11. cxd5 cxd5 12. Qa4+ Bd7 13. Qd4 0-0 14. Bxf6 Bxf6 15. Qxd5 Be6 16. Qxe4 Rb8 17. Qc2 Qb6 18. Nd5 Bxd5 19. Bxd5 Qxb2 20. Rac1 Qe5 21. Bb3 h5 22. h4 Rb4 23. Qc5 Qxc5 24. Rxc5 g6 25. Rc7 a5 26. Ra7 Rb5 27. Rd1 Bc3 28. Rdd7 Rf5 29. e4 Rf6 30. f4 Bb4 31. e5 Bc5+ 32. Kg2 Bxa7 33. exf6 Bc5 34. Kf3 Bb4 35. f5 gxf5 36. Kf4 Kh7 37. Kxf5 1-0

[Event "Titled Tuesday intern op 3rd March"]
[Site "Chess.com INT"]
[Date "2020.03.03"]
[Round "5"]
[White "Petrosyan, Manuel"]
[Black "Hernandez, William"]
[Result "1-0"]
[WhiteElo "2607"]
[BlackElo "1543"]
[PlyCount "93"]
[EventDate "2020.03.03"]
[EventType "swiss (blitz)"]
[EventRounds "10"]
[EventCountry "USA"]
[SourceTitle "EXT 2021"]
[Source "ChessBase"]
[SourceDate "2020.10.23"]
[SourceVersion "1"]
[SourceVersionDate "2020.10.23"]
[SourceQuality "1"]

1. d4 Nf6 2. c4 d6 3. Nf3 Nbd7 4. Nc3 e5 5. g3 g6 6. Bg2 Bg7 7. 0-0 0-0 8. e4 exd4 9. Nxd4 Re8 10. h3 a5 11. Be3 Nc5 12. Qc2 Qe7 13. Rfe1 c6 14. Rad1 Nfd7 15. b3 Ne6 16. Nxe6 Qxe6 17. f4 Nc5 18. e5 Qf5 19. Qxf5 Bxf5 20. Rxd6 Nd3 21. Rd1 Nb4 22. g4 Be6 23. R6d2 f6 24. exf6 Bxf6 25. Ne4 Bg7 26. a3 Na6 27. Bb6 a4 28. b4 Bxc4 29. Nd6 Bb3 30. Nxe8 Rxe8 31. Rd8 Kf7 32. R1d7+ Re7 33. Rxe7+ Kxe7 34. Ra8 Bb2 35. Ra7 Bxa3 36. b5 cxb5 37. Bxb7 Bc5+ 38. Bxc5+ Nxc5 39. Bc6+ Kd6 40. Bxb5 h5 41. f5 hxg4 42. fxg6 gxh3 43. g7 Ke5 44. Ra8 a3 45. Rxa3 Bd5 46. Rxh3 Kf6 47. Rh5 1-0

[Event "Titled Tuesday intern op1 3rd March  "]
[Site "Chess.com INT"]
[Date "2020.03.03"]
[Round "5"]
[White "Ramirez Alvarez, Alejandro"]
[Black "Hernandez, William"]
[Result "1-0"]
[WhiteElo "2567"]
[BlackElo "1543"]
[PlyCount "149"]
[EventDate "2020.03.03"]
[EventType "swiss (blitz)"]
[EventRounds "10"]
[EventCountry "USA"]
[SourceTitle "EXT 2021"]
[Source "ChessBase"]
[SourceDate "2020.10.23"]
[SourceVersion "1"]
[SourceVersionDate "2020.10.23"]
[SourceQuality "1"]

1. d4 Nf6 2. c4 e6 3. Nf3 Bb4+ 4. Nbd2 d5 5. a3 Be7 6. g3 0-0 7. Bg2 c5 8. dxc5 Bxc5 9. b4 Be7 10. Bb2 b6 11. 0-0 Bb7 12. Rc1 Nbd7 13. Qb3 a5 14. Rfd1 Qb8 15. Nd4 axb4 16. axb4 Rc8 17. cxd5 Nxd5 18. Nc4 Nxb4 19. Bxb7 Qxb7 20. Nb5 Na2 21. Ra1 Nc5 22. Qe3 Qe4 23. Qxe4 Nxe4 24. Nxb6 Nac3 25. Bxc3 Rxa1 26. Bxa1 Rb8 27. Bd4 e5 28. Be3 Bd8 29. Na7 Bxb6 30. Bxb6 Nc3 31. Rd2 f6 32. Be3 Rb7 33. Nc8 Ne4 34. Rd1 Rb2 35. Kf1 Nc3 36. Rd2 Rb1+ 37. Kg2 Ne4 38. Rd7 h5 39. Nd6 Nc3 40. Nf5 g6 41. Rg7+ Kf8 42. Rxg6 Nxe2 43. Rxf6+ Kg8 44. Nh6+ Kg7 45. Rf7+ Kg6 46. Rf8 e4 47. Rg8+ Kh7 48. Re8 Rg1+ 49. Kh3 Rd1 50. Re7+ Kg6 51. Re6+ Kh7 52. Rxe4 Kg6 53. Re6+ Kh7 54. Kg2 Rg1+ 55. Kf3 Nc3 56. Nf5 Nd5 57. Ke4 Nc3+ 58. Kd4 Nb5+ 59. Ke5 Ra1 60. Kf6 Ra7 61. Re7+ Rxe7 62. Nxe7 Na3 63. Ng6 Nc4 64. Nf8+ Kg8 65. Ne6 Kh7 66. Kg5 h4 67. Kxh4 Nd6 68. Ng5+ Kg6 69. Kg4 Nc4 70. h4 Kg7 71. h5 Kg8 72. Bd4 Nd6 73. Be5 Nc4 74. Kf5 Nb6 75. h6 1-0

[Event "Titled Tuesday intern op 3rd March"]
[Site "Chess.com INT"]
[Date "2020.03.03"]
[Round "8"]
[White "Sanal, Vahap"]
[Black "Hernandez, William"]
[Result "0-1"]
[WhiteElo "2581"]
[BlackElo "1543"]
[PlyCount "116"]
[EventDate "2020.03.03"]
[EventType "swiss (blitz)"]
[EventRounds "10"]
[EventCountry "USA"]
[SourceTitle "EXT 2021"]
[Source "ChessBase"]
[SourceDate "2020.10.23"]
[SourceVersion "1"]
[SourceVersionDate "2020.10.23"]
[SourceQuality "1"]

1. e4 c5 2. Nf3 d6 3. g3 Nf6 4. d3 Nc6 5. Nbd2 g6 6. Bg2 Bg7 7. 0-0 0-0 8. Nh4 e5 9. Nc4 h6 10. Kh1 Kh7 11. a4 Nd4 12. c3 Ne6 13. Qe1 Bd7 14. f4 exf4 15. gxf4 Bc6 16. f5 Ng5 17. Qg3 d5 18. Ne5 dxe4 19. fxg6+ fxg6 20. Nhxg6 Re8 21. Bxg5 hxg5 22. Qh3+ Kg8 23. Nxc6 bxc6 24. dxe4 Nxe4 25. Qg4 Qc8 26. Qf3 Qe6 27. Rae1 Qxg6 28. Rxe4 Rf8 29. Qe2 Rxf1+ 30. Qxf1 Rf8 31. Qc4+ Kh8 32. Re1 Qf6 33. Qxc5 Qf2 34. Qxf2 Rxf2 35. Re8+ Kh7 36. Be4+ Kh6 37. Re6+ Kh5 38. Bxc6 Rxb2 39. c4 Bd4 40. Bf3+ g4 41. Be4 Ra2 42. Bb1 Ra1 43. Re1 Rxa4 44. Bd3 Ra1 45. Bb1 Kh4 46. Kg2 Ra4 47. Rc1 Rb4 48. Be4 Rb2+ 49. Kf1 Bc5 50. Rd1 Rf2+ 51. Ke1 Rxh2 52. Rd5 Bb4+ 53. Kf1 Kg3 54. c5 Rf2+ 55. Kg1 Rf4 56. Bd3 Rd4 57. Rxd4 Bxc5 58. Kf1 Bxd4 0-1

[Event "Titled Tuesday intern op 3rd March"]
[Site "Chess.com INT"]
[Date "2020.03.03"]
[Round "2"]
[White "Suleymenov, Alisher"]
[Black "Hernandez, William"]
[Result "1-0"]
[WhiteElo "2423"]
[BlackElo "1543"]
[PlyCount "49"]
[EventDate "2020.03.03"]
[EventType "swiss (blitz)"]
[EventRounds "10"]
[EventCountry "USA"]
[SourceTitle "EXT 2021"]
[Source "ChessBase"]
[SourceDate "2020.10.23"]
[SourceVersion "1"]
[SourceVersionDate "2020.10.23"]
[SourceQuality "1"]

1. d4 Nf6 2. Bf4 e6 3. e3 d5 4. Nf3 c5 5. c3 Nc6 6. Nbd2 Bd6 7. Bg3 0-0 8. Bd3 b6 9. Qe2 Bb7 10. Rd1 Qc7 11. e4 dxe4 12. Nxe4 Nxe4 13. Qxe4 g6 14. dxc5 Bxg3 15. hxg3 bxc5 16. Qh4 f5 17. Bc4 Rae8 18. Ng5 Na5 19. Bxe6+ Rxe6+ 20. Nxe6 Re8 21. Kf1 Qf7 22. Ng5 Qe7 23. Qxh7+ Qxh7 24. Rxh7 Nc4 25. Rxb7 1-0